Cours pratique de langue arabe. Adopte par le Ministere de l'instruction publique pour les bibliotheques de ses ecoles.
Main Author:
Format: Book
Language: French
Published:
Alexandrie :
Procure des Freres,
1926.
Edition: third edition.
Subjects:
Tags: Add Tag
Call Number: PJ6307 .N45 1926
| LEADER | 00700cam a2200205M 4500 | ||
|---|---|---|---|
| 001 | ocm23388786 | ||
| 003 | OCoLC | ||
| 005 | 20240220013639.0 | ||
| 008 | 890228s1926 ua 000 0 fre d | ||
| 050 | 4 | |a PJ6307 |b .N45 1926 | |
| 100 | 1 | |a Nematallah, Ernest. | |
| 245 | 1 | 0 | |a Cours pratique de langue arabe. |b Adopte par le Ministere de l'instruction publique pour les bibliotheques de ses ecoles. |
| 250 | |a third edition. | ||
| 264 | 1 | |a Alexandrie : |b Procure des Freres, |c 1926. | |
| 300 | |a 175 pages ; |c 24 cm | ||
| 336 | |a text |b txt |2 rdacontent | ||
| 337 | |a unmediated |b n |2 rdamedia | ||
| 338 | |a volume |b nc |2 rdacarrier | ||
| 650 | 0 | |a Arabic language |v Textbooks for foreign speakers |x French. | |
| 999 | |c 56875 |d 56875 | ||
